On This Day (February 12th) Multiple Choice - Statistics

General Stats
  • This quiz has been taken 15 times
    6 since last reset
  • The average score is 9 of 16
Answer Stats
Question Answer % Correct
1554 - Jane Grey, Queen of England for 9 days, is beheaded for treason at what age ? 16
100%
2001 - Shoemaker spacecraft is the first spacecraft to do what ? Land on an Asteroid
100%
1915 – In Washington, D.C., the first stone of which landmark is put into place ? Lincoln Memorial
100%
2004 - In response to a directive from Mayor Gavin Newsom, the city of San Francisco, California begins issuing what ? Marriage Licenses to same-sex couples
100%
2019 - Which country changes to it's current name? North Macedonia
100%
1894 – Anarchist Émile Henry hurls a bomb into the Cafe Terminus in which French city, killing one person and wounding 20 ? Paris
100%
1950 – Steve Hackett, English singer-songwriter, producer and lead guitarist of Genesis is born in which area of London ? Pimlico
100%
1771 – Gustav III becomes the King of which nation ? Sweden
100%
1994 – Four thieves break into the National Gallery of Norway and steal which of Edvard Munch's paintings ? The Scream
100%
1908 - A New York to Paris auto race (via Alaska & Siberia) begins in NYC. George Schuster wins after how many days behind the wheel ? 88
0%
1429 – English forces under Sir John Fastolf defend a supply convoy carrying rations to the army besieging Orléans in what is known as what ? Battle of the Herrings
0%
1965 – Following the racial charged 1964 general election, Malcolm X visits which British town ? Smethwick, West Midlands
0%
1909 – New Zealand's worst maritime disaster of the 20th century happens when an inter-island ferry, sinks and explodes at the entrance to Wellington Harbour. What was its name ? SS Penguin
0%
2012 - With 97% of the vote, Gurbanguly Berdimuhamedow is re-elected President of which country ? Turkmenistan
0%
1931 - Which radio station begins broadcasting with the callsign HVJ ? Vatican Radio
0%
1961 – The Soviet Union launches Venera 1 towards which planet ? Venus
0%
No matching quizzes found
Score Distribution
Percent of People with Each Score
Percentile by Number Answered
Your Score History
You have not taken this quiz since the last reset